OPAC | Catalogo Arcigay delle biblioteche LGBTQIA+

Il Catalogo di Arcigay delle Biblioteche LGBTQIA+ è un servizio fornito grazie alla collaborazione tra Arcigay nazionale e le associazioni locali aderenti al progetto che conservano e rendono pubbliche biblioteche a tema LGBTQIA+.

La sesta beatitudine / (Record no. 20890)

MARC details
000 -LEADER
campo di controllo lung. fissa 01022nam a22002657i 4500
001 - Numero di controllo
campo di controllo IT\ICCU\MOD\0095546
003 - Identificatore del numero di controllo
campo di controllo ItRI
005 - Data e orario dell'ultima transazione
campo di controllo 20260115232338.0
008 - Elementi di lunghezza fissa--Informazione generale
campo di controllo lung. fissa 010330s1966 it |||||| ||||| |||||c
040 ## - Fonte della catalogazione
Lingua della catalogazione ita
Agenzia che fa la trascrizione importazione bologna sebina
041 #7 - Codice di lingua
Codice di lingua del testo/traccia sonora o titolo separato ita
Fonte del codice ISO-639-2
082 ## - Numero di classificazione Decimale Dewey
Numero di classificazione 823
-- NARRATIVA INGLESE
Numero dell'edizione 12
100 1# - Accesso principale -- nome di persona
Nome di persona Hall, Radclyffe
Numero del record di authority o numero standard IT\ICCU\CFIV\001539
Relazione: aut
240 14 - Titolo uniforme
Titolo uniforme The sixth beatitude
-- IT\ICCU\LIA\0015516
9 (RLIN) Hall, Radclyffe
245 13 - Formulazione del titolo
Titolo La sesta beatitudine /
Formulazione di responsabilità, ecc. Radclyffe Hall ; traduzione di Mimi Oliva Lentati.
260 ## - Pubblicazione, distribuzione, ecc. (stampa)
Luogo di pubblicazione, distribuzione, ecc. [Milano] :
Nome dell'editore, distributore, ecc. Dall'Oglio,
Data di pubblicazione, distribuzione, ecc. 1966
300 ## - Descrizione fisica
Estensione 279 p. ;
Dimensioni 18 cm.
700 1# - Accesso aggiunto--nome di persona
Nome di persona Oliva Lentati, Mimì
Numero del record di authority o numero standard IT\ICCU\LIAV\011377
Relazione: trl
752 ## - Accesso aggiunto – nome gerarchico di luogo
Paese o ente maggiore it
Città Milano
790 1# -
-- Hall, Marguerite Radclyffe
-- IT\ICCU\CFIV\153676
-- Hall, Radclyffe
790 1# -
-- Radclyffe Hall, Marguerite
-- IT\ICCU\CFIV\165214
-- Hall, Radclyffe
790 1# -
-- Lentati Oliva, Maria
-- IT\ICCU\CFIV\187190
-- Oliva Lentati, Mimì
830 #2 - Accesso aggiunto di serie--titolo uniforme
Titolo uniforme I David ;
Numero del volume/designazione di sequenza 30
Numero del record di authority o numero standard IT\ICCU\RAV\0108403
942 ## - Dati aggiuntivi (Koha)
Fonte della classificazione o dello schema di collocazione (segnatura) Classificazione decimale Dewey
Tipo copia default (Koha) Libri
Nasconto in Opac No
Holdings
Status ritirato Status smarrito: Status danneggiato: Escluso dal prestito Biblioteca di appartenenza Biblioteca corrente Data di acquisti Numero d'inventario Totale prestiti Collocazione Codice a barre Data ultima revisione Prezzo effettivo da Tipo copia default (Koha) Nota pubblica
        BOLOGNA | Centro di Documentazione "Flavia Madaschi" Cassero LGBTQIA+ Center BOLOGNA | Centro di Documentazione "Flavia Madaschi" Cassero LGBTQIA+ Center 15/01/2026 1366   L 823.912 HAL BO1366 15/01/2026 15/01/2026 Libri 1 v.
        BOLOGNA | Centro di Documentazione "Flavia Madaschi" Cassero LGBTQIA+ Center BOLOGNA | Centro di Documentazione "Flavia Madaschi" Cassero LGBTQIA+ Center 15/01/2026 2588   L 823.912 HAL BO2588 15/01/2026 15/01/2026 Libri 1 v.
Se cerchi informazioni su Arcigay, le puoi trovare nel nostro sito: www.arcigay.it